[Event "Pfalz-ch HT1 86th"]
[Site "Wolfstein"]
[Date "2017.04.09"]
[Round "4"]
[White "Jacobs, Verena"]
[Black "Bier, Klaus"]
[Result "0-1"]
[WhiteElo "1312"]
[BlackElo "1938"]
[PlyCount "154"]
[EventDate "2017.04.07"]
[EventType "swiss"]
[EventRounds "7"]
[EventCountry "GER"]
[SourceTitle "EXT 2018"]
[Source "ChessBase"]
[SourceDate "2017.10.13"]
[SourceVersion "1"]
[SourceVersionDate "2017.10.13"]
[SourceQuality "1"]

1. e4 c5 2. c4 g6 3. Nc3 Bg7 4. Nf3 Nc6 5. d3 d6 6. h3 e6 7. Be2 Nge7 8. 0-0 0-0 9. Nh2 Nd4 10. Be3 f5 11. f3 f4 12. Bf2 Nec6 13. a3 a6 14. Qd2 Nb3 15. Qc2 Nxa1 16. Rxa1 Nd4 17. Bxd4 Bxd4+ 18. Kh1 Qg5 19. Bf1 h5 20. Re1 e5 21. Ne2 Be3 22. b4 Qh4 23. Rb1 Qf2 24. bxc5 Bxc5 25. Rd1 g5 26. Qd2 g4 27. fxg4 hxg4 28. hxg4 Rf7 29. d4 exd4 30. Nxd4 Qh4 31. Ndf3 Qe7 32. Qd5 Be6 33. Qg5+ Qxg5 34. Nxg5 Rf6 35. Be2 Kg7 36. Rd3 Bxc4 37. Rd2 Bxe2 38. Rxe2 Kg6 39. Ngf3 Bxa3 40. e5 dxe5 41. Rxe5 Rc8 42. Nh4+ Kf7 43. N2f3 Rh8 44. Kg1 Rxh4 45. Nxh4 b5 46. g5 Rc6 47. Rf5+ Kg8 48. Nf3 b4 49. Nd4 Rc4 50. Rd5 Bb2 51. Rd8+ Kf7 52. Nf3 Bc3 53. Rd6 a5 54. Kf2 b3 55. Rd7+ Ke8 56. Rb7 Rb4 57. Rc7 b2 58. Rc8+ Kd7 59. Rxc3 b1Q 60. Ne5+ Ke6 61. Nd3 Qa2+ 62. Kf3 Qd2 63. Rc6+ Ke7 64. Nxb4 axb4 65. g6 Qd5+ 66. Kxf4 Qxc6 67. g7 Kf7 68. g8Q+ Kxg8 69. g4 Kg7 70. g5 Kg6 71. Kg4 Qe4+ 72. Kg3 Kxg5 73. Kh3 Qe3+ 74. Kh2 Kg4 75. Kh1 Qd2 76. Kg1 Kg3 77. Kf1 Qd1# 0-1